Vybrané otázky práva mezinárodního obchodu

Enregistré dans:
Détails bibliographiques
Auteur principal: Švarc, Zbyněk
Format: Livre
Langue:tchèque
Publié: Praha VŠE - Fakulta mezinárodních vztahů 1998
Sujets:
Tags: Ajouter un tag
Pas de tags, Soyez le premier à ajouter un tag!

MARC

LEADER 00000nam a2200000 4500
001 c138004
005 20221109094715.6
020 |a 80-7079-882-3 
041 0 |a cze 
044 |a CZ 
245 1 0 |a Vybrané otázky práva mezinárodního obchodu  |c Zbyněk Švarc 
264 1 |a Praha  |b VŠE - Fakulta mezinárodních vztahů  |c 1998 
300 |a 252 s. 
610 2 0 |a právo medzinárodné 
610 2 0 |a právo obchodné 
610 2 0 |a obchod medzinárodný 
610 2 0 |a subjekty práva medzinárodného 
610 2 0 |a podnikanie medzinárodné 
610 2 0 |a spoločenstvo tiché 
610 2 0 |a vzťahy právne 
610 2 0 |a vzťahy obchodné 
610 2 0 |a vzťahy zmluvné 
610 2 0 |a záväzky 
610 2 0 |a zmluvy kúpne 
610 2 0 |a zmluvy medzinárodné 
610 2 0 |a zmluvy obchodné 
610 2 0 |a zmluvy zahraničnoobchodné 
610 2 0 |a právo procesné medzinárodné 
100 1 |a Švarc, Zbyněk